1887 1567 1774 1659 1108 1275 1585 1631 1783 1573 1912 1235 1514 1116 1242 1601 1432 1174 1753 1057 1087 1885 1247 1424 1200 1008 1993 1087 1039 1228 1386 1411 1998 1023 1418 1611 1414 1178 1011 1691 1600 1324 1944 1099 1616 1265 1157 1820 1261 1905 1925 1185 1010 1000 1967 1233 1391 1158 1969 1318 1586 1586 1259 1899 1248 1199 1318 1512 1748 1350 1203 1279 1140 1929 1696 1693 1830 1025 1684 1609 1726 1104 1192 1372 1128 1653 1305 1926 1370 1554 1100 1347 1525 1019 1296 1140 1437 1066 1862 BCNSPRNW ULIB Ver.6.0+V

เปลี่ยนเป็นภาษาไทย

Change to English
 แสดงรายละเอียดบรรณานุกรม
  กลับหน้าหลัก

Brief Record : Get Marc (ISO 2709) : E-mail record : QR code < ปิดหน้าต่าง
LEADER : 00000nam 2200000uu 4500
001    13399123163
003     ULIB
008    020711s2548 th a 000 0 tha d
020    9749335007
020    9789749335000
090    นว.^bฬ111ห
100    ฬีฬา
110    ยาหยี-ยาใจ
245    หนึ่งเดียวในดวงใจ /^cฬีฬา
250    พิมพ์ครั้งที่ 2
260    กรุงเทพฯ :^bยาหยี-ยาใจ,^c2548
300    195 หน้า;^b21 ซม.
945    ^p130^l0^i034421
999    ^aเกษร โพธิ์สุวรรณ
รายการนี้ยังไม่มีแท็ก
คุณยังไม่ได้ล็อกอิน คุณสามารถมีกิจกรรมร่วมกับเว็บไซต์ได้ แต่ต้องล็อกอินก่อน ::
  ล็อกอิน

รายการสื่อสารสนเทศ

ลำดับที่ ประเภท เลขเรียก/บาร์โค้ด สถานที่ สถานะ
1. นวนิยาย
นวนิยาย
นว. ฬ111ห ฉ.1 
  Barcode: 034421
ห้องสมุดวิทยาเขตสวรรค์ประชารักษ์
►นวนิยาย
บนชั้น
  ขอยืม

รายการใกล้เคียง
    ผู้แต่ง [ฬีฬา]

BibComment


ยังไม่เคยถูกคอมเมนท์

คอมเมนท์ทรัพยากรรายการนี้
  คอมเมนท์: หนึ่งเดียวในดวงใจ..


 Copyright 2026. Bcnsprnw @Library